000 01483nam a22002897a 4500
001 4822
003 FISKH
005 20241016153427.0
008 241016b cb ||||| |||| 00| 0 eng d
020 _a9781526361530
040 _aFISKH
_beng
_cFISKH
_dFISKH
050 _aGE195.5
082 _a333.72
100 _aThomas, Isable
245 _aThis Book is Not Rubbish:
_b50 Ways to Ditch Plastic, Reduce Rubbish and Save the World! /
_cby Isabel Thomas : illustrated by Alex Paterson
250 _aFirst published in Great Britain in 2018
260 _aLondon :
_bWren & Rook ;
_c2018 .
300 _a207 pages :
_billustrations ;
_c20 cm .
505 _aS
520 _aOur planet is in peril and needs your help! If you want to learn to reduce waste and save the Earth, here are practical tips and projects that make a difference! The bad news is, humans throw away too much trash. But the good news is, there are lots of easy ways you can get involved and make a difference! From ditching straws and banning glitter to hosting a plastic-free birthday party, helping to save the planet is not as difficult as you think. So, take control of your future! Become an eco-warrior instead of an eco-worrier and do your part to save the world from GARBAGE!
521 8 _a800
_bLexile estimate
521 8 _aS
_bRaz-Plus
650 _anature and conservation
_vnon-fiction
700 _aPaterson, Alex
_eillustrator
942 _2ddc
_cBK
_n0
999 _c4822
_d4822